000 01082nam a2200313 i 4500
003 EG-GICUC
005 20260415093458.0
008 260408s2007 ua a|||fr|||| 00| 0 ara d
040 _a EG-GICUC
_bara
_c EG-GICUC
_d EG-GICUC
_erda
041 _aara
082 0 4 _221
_a341.48
_bط ا . ح
092 0 4 _221
099 _aLaw1 11 341.48 1ed-ط ا . ح 2007
100 0 _aطارق زغلول
_eمعد.
245 1 2 _aحالة حقوق الانسان:
_bالتقرير السنوي لعام 2007 /
_cطارق زغلول.
250 _aالطبعة الاولى
264 _aالقاهرة:
_bالمنظمة المصرية لحقوق الانسان,
_c2007.
300 _a597 صفحة ؛
_c24 سم
336 _2rda content
_atext
337 _2rda media
_aComputer
338 _2rda carrier
_aOnline Resource
546 _aالنص باللغة العربية
650 1 _aدولي عام
_2qrmak
650 1 _aحقوق الانسان
_2qrmak
651 1 _2qrmak
856 4 0 _uhttps://fll.law.cu.edu.eg/fulltext/bks/B11-09881.pdf
905 _a72
942 _2ddc
_cBK
_e21
_n0
999 _c69683
_d69683